United States Country Quiz - Statistics

General Stats
  • This quiz has been taken 101,622 times
    100,811 since last reset
  • The average score is 20 of 24
Answer Stats
Hint Answer % Correct
Countries that border the U.S. Canada
100%
Capital city Washington D.C.
100%
Countries that border the U.S. Mexico
99%
Four largest cities by population New York City
97%
# of states 50
96%
State located entirely on islands Hawaii
95%
Four largest cities by population Los Angeles
94%
Biggest state by area Alaska
93%
First person to walk on the moon Neil Armstrong
93%
Major political parties Democratic
92%
Major political parties Republican
91%
Smallest state by area Rhode Island
90%
Longest river Mississippi / Missouri
85%
Four largest cities by population Chicago
83%
War which killed the greatest number of Americans Civil War
82%
National animal Bald Eagle
79%
Four largest cities by population Houston
70%
Location with the hottest weather ever recorded Death Valley
69%
Most-decorated Olympic athlete Michael Phelps
69%
Largest lake that touches the U.S. Lake Superior
68%
National anthem The Star-Spangled Banner
68%
Main author of the Declaration of Independence Thomas Jefferson
68%
Name for the first 10 amendments to the Constitution Bill of Rights
55%
Highest mountain Denali
53%
No matching quizzes found
Score Distribution
Percent of People with Each Score
Percentile by Number Answered
Your Score History
You have not taken this quiz since the last reset